000 00540nam a2200169Ia 4500
999 _c27104
_d27104
003 OSt
005 20210105114918.0
008 190216s9999||||xx |||||||||||||| ||und||
040 _coclc
082 _a894.8122
_bNAM/B
100 _aNambissan, Cheruliyil Kunhunni
_98147
245 0 _aBhasante Moonnu Natakangal /
_cCheruliyil Kunhunni Nambissan
260 _bCalicut university,
_c1994.
_aCalicut university,
300 _a86p
650 _aMalayalam Nadakam
942 _cBK
_2ddc
_h894.8122
_iNAM/B
_k894.8122
_mNAM/B